| 000 | 00569nam a2200193Ia 4500 | ||
|---|---|---|---|
| 005 | 20250923145602.0 | ||
| 008 | 008 250917s9999 xx 000 0 eng d | ||
| 037 | _aTextual | ||
| 040 |
_aDSWL _beng _cDSWL |
||
| 041 |
_aeng _2eng |
||
| 084 |
_aT5p2,N76, N76 _qDSWL |
||
| 245 | 0 |
_aWhy sex education? Report of the seminar, 1976 _cby Indian C.C. Welfare |
|
| 260 |
_aNew Delhi _bDelhi Indian C.C. Welfare _c1976 |
||
| 300 | _a73p. | ||
| 365 |
_aINR _b5.00 |
||
| 925 | _g5.00 | ||
| 942 |
_cTEXL _hT5p2,N76, N76 |
||
| 999 |
_c1453147 _d1453147 |
||